| 000 | 01752nam a2200421 i 4500 | ||
|---|---|---|---|
| 001 | 197441 | ||
| 003 | ES-MaACL | ||
| 005 | 20250901041750.0 | ||
| 008 | 250512s2018 sp a | ||||o001 0dspa | ||
| 015 | _aMON18 | ||
| 017 |
_aCS 1016-2016 _bOficina Depósito Legal Castellón |
||
| 020 |
_a9788417429461 _qpapel |
||
| 020 |
_z9788417429478 _qpdf |
||
| 020 |
_z9788417429553 _qePub |
||
| 024 | 7 |
_zDOI hhtp://dx.doi.org/10.6035/Sendes.2018.23 _2doi |
|
| 035 | _a(OCoLC)1090826804 | ||
| 035 | _a(SpMaBN)a6483440 | ||
| 040 |
_aSpMaBN _bspa _cSpMaBN _erda |
||
| 080 | _a821.134.2 Campo Alange, María Laffitte 1.07 | ||
| 080 | _a141.72(0:82) | ||
| 100 | 1 |
_aAlcalá García, Inmaculada _9240780 _eaut |
|
| 245 | 1 | 3 |
_aLa agenda secreta de María Campo Alange : _banálisis de su legado en clave feminista / _cInma Alcalá García. |
| 264 | 1 |
_aCastellón de la Plana : _bUniversitat Jaume I, Instituto Universitario de Estudios Feministas y de Género "Purificación Escribano", _c[2018]. |
|
| 264 | 4 | _c©2018 | |
| 300 |
_a348 páginas : _bfotografías (blanco y negro) ; _c24 cm. |
||
| 336 |
_aTexto _2rdacontent |
||
| 337 |
_asin mediación _2rdamedia |
||
| 338 |
_avolumen _2rdacarrier |
||
| 490 | 1 |
_aCol·lecció "Sendes" ; _v23 |
|
| 504 | _aBibliografía: páginas 323-335. Índice | ||
| 600 | 1 | 4 |
_aCampo Alange, María Laffitte, _cCondesa de, _d1902-1986 _2embne _934205 |
| 650 | 0 |
_aFeminismo- _xEn la literatura _9240781 |
|
| 852 |
_aES-MaACL _cDEPOJ _jN-10478 _xEncuadernación rústica _9206601 _hDonación: Editorial |
||
| 942 |
_cMONOGRAFIA _n0 |
||
| 999 |
_c197441 _d197441 |
||